Tatarka ako hrad prepevný?

Bibliographic Details
Main Author: Balogh, Alexander, 1946- (Author)
Format: Article
Language:Slovak
PhysicalDescription:Fotogr.
ISSN:1335-440X
Subjects:

MARC

LEADER 00000nab a2200000 ar4500
001 vtls008957246
003 SK-MaSNL
005 20260303070949.0
008 070320c20070301xo dr|p|||||||000 b|slo
015 |a SNBRB2007/03  |2 snkbucl 
040 |a SNKBUCL  |b slo  |c SNKBUCL  |e AACR2 
041 0 |a slo 
044 |a xo  |c SK 
080 |a 82:929:821.162.4  |2 2001 
080 |a 929 Tatarka, Dominik  |2 2001 
080 |a 821.162.4:929  |2 2001 
100 1 |a Balogh, Alexander,  |d 1946-  |4 aut  |9 173522 
245 1 0 |a Tatarka ako hrad prepevný?  |c Alexander Balogh 
300 |b Fotogr. 
500 |a Od 15.1.2007 návrat k pôvodnému vročeniu 
600 1 7 |a Tatarka, Dominik,  |d 1913-1989  |2 snkbucl  |9 100832 
773 0 |t Sme  |g Roč. 15, č. 50 (1.3.2007), s. [21]  |x 1335-440X 
852 |a SNK  |b KIS3GCP 
958 |a SK 
958 |a LX 
999 |c 1757731  |d 1759661